000 00384nam a2200145Ia 4500
003 GCL
008 140319s9999 xx 000 0 eng d
040 _aGCL /
_cGCL
082 0 4 _aCH
_b372.216
_bB E
100 1 _aBROWN, AMY L
245 1 0 _aCHAMBERS YOUNG SET DICTIONARY ONE /
_cBROWN, AMY L
260 _a[S.N] :
_bW & RCHOMBERS LTD ،
_c1983
650 0 4 _aCHILDREN
942 _2ddc
_cBK
999 _c18255
_d18255